| 000 | 00000nam##2200000za#4500 |
| 001 | 9.574309 |
| 003 | CaOODSP |
| 005 | 20210624184124 |
| 007 | cr ||||||||||| |
| 008 | 150406|2007||||xxc|||||o f|0| 0 eng|d |
| 022 | |a1488-5379 |
| 040 | |aCaOODSP|beng |
| 043 | |an-cn--- |
| 086 | 1 |aFs97-6/2752E-PDF |
| 110 | 1 |aCanada. |bDepartment of Fisheries and Oceans. |
| 245 | 12|aA study of the effect of trawling in the Newfoundland and Labrador northern shrimp (Pandalus borealis) fishery on mortality and damage to snow crab (Chionoecetes opilio) / |h[electronic resource]|cby E. G. Dawe ... [et al.]. |
| 260 | |aSt. John's - Newfoundland and Labrador : |bFisheries and Oceans Canada |c2007. |
| 300 | |a46p.|bfigs., graphs, maps, references, tables, photographs |
| 490 | 1 |aCanadian technical report of fisheries and aquatic sciences|x1488-5379|vNo. 2752 |
| 500 | |aIncorrect catalogue number (Fs97-6/0000E) recorded in this electronic publication. The ISSN (0706-6457) for the print edition has been incorrectly copied in this electronic publication. |
| 546 | |a(Résumé en français) |
| 590 | |a12-29-Supp|b2012-06-25 |
| 720 | 1 |aDawe, E. G. |
| 776 | 0#|tA study of the effect of trawling in the Newfoundland and Labrador northern shrimp (Pandalus borealis) fishery on mortality and damage to snow crab (Chionoecetes opilio) / |w(CaOODSP)9.619175 |
| 830 | #0|aCanadian technical report of fisheries and aquatic sciences,|x1488-5379|vNo. 2752|w(CaOODSP)9.504449 |
| 856 | 40|ahttp://publications.gc.ca|qPDF|s2.37 MB|uhttps://publications.gc.ca/collections/collection_2012/mpo-dfo/Fs97-6-2752-eng.pdf|yNo. 2752 |